Potter & Perry's Fundamentals of Nursing/ (Record no. 1290)

MARC details
000 -LEADER
Fixed length control field 00701nam a2200241Ia 4500
003 - CONTROL NUMBER IDENTIFIER
Control field IIN
005 - DATE AND TIME OF LATEST TRANSACTION
Control field 20250429131819.0
008 - FIXED-LENGTH DATA ELEMENTS--GENERAL INFORMATION
Fixed length control field 231217s9999 xx 000 0 und d
020 ## - INTERNATIONAL STANDARD BOOK NUMBER / ISBN
Price Rs.2085.00
International Standard Book Number 9788131257821
040 ## - CATALOGING SOURCE
Original cataloging agency IIN
Language of cataloging English
082 ## - DEWEY DECIMAL CLASSIFICATION NUMBER
Classification number 610.73
Book Number POT
100 1# - MAIN ENTRY--PERSONAL NAME
Personal name Potter, Patricia A.
245 1# - TITLE STATEMENT
Title Potter & Perry's Fundamentals of Nursing/
Statement of responsibility Patricia A. Potter...[et al]
250 ## - EDITION STATEMENT
Edition statement 10th ed
Remainder of edition statement Adap. edited by - Suresh K. Sharma
260 ## - IMPRINT
Name of publisher Elsevier
Place of publication New Delhi
Date of publication 2021
300 ## - PHYSICAL DESCRIPTION
Page / Vol. No xix, 1342p.
650 1# - SUBJECT ADDED ENTRY--TOPICAL TERM
Topical term Foundation
650 1# - SUBJECT ADDED ENTRY--TOPICAL TERM
Topical term Fundamentals
700 1# - ADDED ENTRY--PERSONAL NAME
Personal name Perry, Anne Griffin
700 1# - ADDED ENTRY--PERSONAL NAME
Personal name Stockert, Patricia A.
700 1# - ADDED ENTRY--PERSONAL NAME
Personal name Sharma, Suresh K. (ed.)
942 ## - ADDED ENTRY ELEMENTS (KOHA)
Koha item type Books
Holdings
Withdrawn status Lost status Damaged status Not for loan Collection code Home library Current library Date acquired Price Total Checkouts Call number Accession number Date last seen Price effective from Koha item type Source of classification Shelving location
          IDEAL INSTITUTE OF NURSING IDEAL INSTITUTE OF NURSING 17/12/2023 2085.00   610.73 POT 1284 17/12/2023 17/12/2023 Books    
          IDEAL INSTITUTE OF NURSING IDEAL INSTITUTE OF NURSING 17/12/2023 2085.00   610.73 POT 1285 17/12/2023 17/12/2023 Books    
          IDEAL INSTITUTE OF NURSING IDEAL INSTITUTE OF NURSING 17/12/2023 2085.00   610.73 POT 1286 17/12/2023 17/12/2023 Books    
        Purches Book IDEAL INSTITUTE OF NURSING IDEAL INSTITUTE OF NURSING 11/03/2025 2225.00   610.73 POT 1941 29/04/2025 29/04/2025 Books Dewey Decimal Classification General Stacks
© Ideal Institute Of Nursing, All rights reserved.         Powered by Koha